=LDR 00000nam 2200000 4500 =001 INLIS000000000017919 =005 20130612113120 =008 ***********************************Ind** =035 ##$$0010-061300000017919 =041 ##$$a Ind =082 ##$$a 658.15 =090 ##$$a 658.15, Wib p =100 ##$$a Wibawa, Heru Kustriyadi =245 ##$$a Perencanaan keuangan keluarga (sebuah) langkah menuju keluarga sejahtera, Heru Kustriyadi Wibawa =260 ##$$a 2003 $b Jakarta =300 ##$$a xiv, 167 hlm, ilus, 20 cm =650 ##$$a Manajemen Keuangan =850 ##$$a NBPNMAT =990 ##$$a 0001/BPAP-NTB/20142014 =990 ##$$a 0001/BPAP-NTB/20142015 =990 ##$$a 0001/BPAP-NTB/2016